000 00259nam a2200109Ia 4500
008 200302s9999 xx 000 0 und d
100 _aWahed A. E L Wakil
245 _aHassan Fathy James Steele
260 _bAcademy Editions
260 _c1988
300 _a149 P.,
999 _c771
_d771